| 000 | 01445cam a22002894a 4500 | ||
|---|---|---|---|
| 001 | 15566413 | ||
| 005 | 20160301093812.0 | ||
| 008 | 081223s2009 txuab 001 0 eng | ||
| 010 | _a 2008055530 | ||
| 020 | _a9780735576728 (pbk.) | ||
| 020 | _a9780735576735 (pbk. ; teacher's manual) | ||
| 040 |
_aDLC _cDLC |
||
| 043 | _an-us--- | ||
| 050 | 0 | 0 |
_aKF240 _b.S585 2009 |
| 082 | 0 | 0 |
_a340.072/073 _222 |
| 100 | 1 |
_aSloan, Amy E., _d1964- |
|
| 245 | 1 | 0 |
_aBasic legal research : _btools and strategies / _cAmy E. Sloan. |
| 250 | _a4th ed. | ||
| 260 |
_aAustin : _bWolters Kluwer Law & Business ; _aNew York : _bAspen Publishers, _cc2009. |
||
| 300 |
_axxix, 357 p. : _bill., map ; _c26 cm. + _eteacher's manual. |
||
| 500 | _aIncludes index. | ||
| 505 | 0 | _aIntroduction to legal research -- Generating search terms -- Secondary source research -- Case research -- Research with citators -- Statutory research -- Federal legislative history research -- Federal administrative law research -- Subject-matter service research -- Electronic legal research -- Developing a research plan. | |
| 650 | 0 |
_aLegal research _zUnited States. |
|
| 906 |
_a7 _bcbc _corignew _d1 _eecip _f20 _gy-gencatlg |
||
| 942 |
_2lcc _cBOOKS |
||
| 999 |
_c3912 _d3912 |
||